| 000 | 03033nam0a2200481 4500 | ||
|---|---|---|---|
| 001 | RU\NLR\bibl\1501332 | ||
| 005 | 20260405142526.0 | ||
| 010 |
_a5-9585-0041-2 _9500 |
||
| 021 |
_aRU _b2010-15419 _91027 |
||
| 035 | _a(nilc)RSL-KNO-004591344 | ||
| 035 | _a(NLR Aleph) 001492788 | ||
| 090 |
_a1772304 _c1772304 |
||
| 100 | _a20100304d2010 |||y0rusy50 ca | ||
| 101 | 0 | _arus | |
| 102 | _aRU | ||
| 105 | _aa zzzz||||| | ||
| 200 | 1 |
_aРемонтные и реконструкционные работы на объектах недвижимости _fВ.Я. Мищенко, Б.Б. Хрусталев, В.Н. Горбунов, Н.А. Понявина _gМ-во образования и науки Российской Федерации, Федеральное агентство по образованию, Гос. образовательное учреждение высш. проф. образования "Ростовский гос. строительный ун-т" |
|
| 210 |
_aРостов-на-Дону _cРостовский гос. строительный ун-т _d2010 |
||
| 215 |
_a160 с. _cил. _d21 |
||
| 300 | _aВ вып. дан. 1-3 авт.: В.Я. Мищенко, д.т.н., проф., Б.Б. Хрусталев, д.э.н., проф., В.А. Горбунов, к.н.н., доц. | ||
| 320 | _aБиблиогр.: с. 149-159 | ||
| 606 |
_aЖилищный фонд _xРемонт _xОрганизация _91074088 _3RU\NLR\auth\66418737 |
||
| 606 |
_aЖилищный фонд _xРеконструкция _xЭкономические аспекты _92271529 _3RU\NLR\auth\661361453 |
||
| 610 | 0 | _aСтроительство -- Гражданское строительство -- Жилищное строительство -- Жилые здания -- Ремонт. Восстановление | |
| 610 | 0 | _aСтроительство -- Гражданское строительство -- Жилищное строительство -- Жилые здания -- Реконструкция | |
| 610 | 0 | _aЭкономика -- Российская Федерация -- Жилищное строительство -- Планирование | |
| 610 | 0 | _aремонт жилищного фонда | |
| 686 |
_aН711-083,0 _2rubbk |
||
| 686 |
_aН711-09,0 _2rubbk |
||
| 686 |
_aУ9(2)315.441.20-23,0 _2rubbk |
||
| 686 | _aУ44(2)1-801.82 | ||
| 686 | _aУ44(2)121.1-55 | ||
| 701 | 1 |
_aМищенко _bВ. Я. _gВалерий Яковлевич _4070 |
|
| 701 | 1 |
_aХрусталев _bБ. Б. _gБорис Борисович _4070 |
|
| 701 | 1 |
_4070 _8rus _7ca _aГорбунов _bВ. Н. _cканд. экон. наук, строительство _gВалерий Николаевич _3RU\NLR\AUTH\7758404 _941336 |
|
| 701 | 1 |
_aПонявина _bН. А. _gНаталия Александровна _4070 |
|
| 801 | 0 |
_aRU _bРГБ _c20100304 _grcr |
|
| 801 | 1 |
_aRU _bРГБ _c20100304 |
|
| 801 | 2 |
_aRU _bNLR _c20100419 _grcr |
|
| 942 | _cBOOK | ||
| 980 | _aNB | ||